The Craft of Research 3rd Edition (Record no. 565157)
[ view plain ]
| 000 -LEADER | |
|---|---|
| fixed length control field | 00393nam a2200121Ia 4500 |
| 008 - FIXED-LENGTH DATA ELEMENTS--GENERAL INFORMATION | |
| fixed length control field | 210430s9999 xx 000 0 und d |
| 020 ## - INTERNATIONAL STANDARD BOOK NUMBER | |
| International Standard Book Number | 978-0-226-06565-6 |
| 082 ## - DEWEY DECIMAL CLASSIFICATION NUMBER | |
| Classification number | 001.42 B7241C |
| 100 ## - MAIN ENTRY--PERSONAL NAME | |
| Personal name | Wayne V. Booth, Gregory G. Colomb, Joseph M. Williams |
| 245 #4 - TITLE STATEMENT | |
| Title | The Craft of Research 3rd Edition |
| Statement of responsibility, etc. | Wayne V. Booth, Gregory G. Colomb, Joseph M. Williams |
| 300 ## - PHYSICAL DESCRIPTION | |
| Extent | 316 |
| 942 ## - ADDED ENTRY ELEMENTS (KOHA) | |
| Koha item type | Book |
| Source of classification or shelving scheme | |
| Withdrawn status | Lost status | Damaged status | Not for loan | Collection code | Permanent Location | Current Location | Shelving location | Date acquired | Total Checkouts | Full call number | Barcode | Date last seen | Price effective from | Koha item type |
|---|---|---|---|---|---|---|---|---|---|---|---|---|---|---|
| School of Chemical & Materials Engineering (SCME) | School of Chemical & Materials Engineering (SCME) | General Stacks | 09/15/3 | 001.42 B7241C | SCME-4445 | 04/30/2021 | 04/30/2021 | Book |
